Sự hình thành và phát triển tư tưởng về độc lập xét xử /

Đã lưu trong:
書目詳細資料
主要作者: Nguyễn Hải Ninh, ThS.
格式: Bài viết
語言:Vietnamese
主題:
標簽: 添加標簽
沒有標簽, 成為第一個標記此記錄!
Thư viện lưu trữ: Thư viện Trường Đại học Đà Lạt
LEADER 00797nam a2200265 4500
001 DLU130148199
005 ##20130530
040 # # |a DLU  |b vie 
041 # # |a vie 
044 # # |a vn 
100 # # |a Nguyễn Hải Ninh,   |c ThS. 
245 # # |a Sự hình thành và phát triển tư tưởng về độc lập xét xử /  |c Nguyễn Hải Ninh. 
653 # # |a Hình phạt 
653 # # |a Pháp quyền 
653 # # |a Phân quyền 
773 # # |t Tạp chí Nhà nước và pháp luật   |g Số 10(294), 2012, tr. 46-53 
920 # # |a Phòng Tạp chí -- Trung tâm Thông tin - Thư viện Trường Đại học Đà Lạt 
994 # # |a DLU 
900 # # |a True 
911 # # |a Nguyễn Thị Linh Chi 
925 # # |a G 
926 # # |a A 
927 # # |a BB 
980 # # |a Thư viện Trường Đại học Đà Lạt